00857cam a2200241 a 4500001000500000005001700005020001800022040002300040050001400063082001300077100001900090245008600109250005400195260004300249300005800292505000800350520012500358521002000483521002000503650002600523650003100549700003500580316620240215095002.0 a9780689874093 aDLCcDLCdDLCbeng00aPZ7.A185700a468.64211 aAda, Alma Flor10aI love Saturdays y domingos /cby Alma Flor Ada ; illustrated by Elivia Savadier. aFirst Aladdin Paperbacks edition , September 2004 aNew York :bAladdin Paperbacks, c2002 a26 unnumbered pages : bcolor illustrations ;c29 cm. aK  aA young girl enjoys the similarities and the differences between her English-speaking and Spanish-speaking grandparents. a510 bLexile  aK bRaz-Plus  1aGrandparentsxFiction 1aMexican AmericansxFiction1 aSavadier, Eliviaeillustrator